L'opera completa del Veronese

Saved in:
Bibliografiske detaljer
Hovedforfatter: Piovene, Guido (Author)
Format: Bog
Sprog:italiensk
Udgivet: Milán Rizzoli 1968
Serier:Classici dell'Arte, 20
Fag:
Tags: Tilføj Tag
Ingen Tags, Vær først til at tagge denne postø!

MARC

LEADER 00000nam a2200000 a 4500
001 UCZ1261
003 CL-VaPUC
008 950817e19680000IT |||||||||||||||||ita|d
082 0 4 |a 759.45  |b PIO  |2 21 
100 0 |a Piovene, Guido  |e author  |9 344764 
245 1 2 |a L'opera completa del Veronese 
300 |a 143 p 
942 |c BK 
945 |d 19950817 00:00:00  |a awong 
260 |a Milán  |b Rizzoli  |c 1968 
500 |a Presentación de Guido Piovene 
600 0 7 |a CALIARI, PAOLO  |2 CL-VaPUC  |9 342331 
600 0 7 |a EL VERONES  |2 CL-VaPUC  |9 342330 
650 7 |a PINTURA ITALIANA SIGLO 16  |2 CL-VaPUC  |9 341179 
650 0 |a Pintores italianos  |9 265277 
650 0 |a Historia del arte  |9 314877 
651 0 |a Italia  |9 254949 
583 |a last modification  |c 20160830 12:15:07  |k Rodrigo Vera 
490 0 |a Classici dell'Arte, 20 
999 |c 238037  |d 238035 
952 |0 0  |1 0  |4 0  |6 759_450000000000000_PIO_1968  |7 0  |8 X  |9 247956  |a BIBHIS  |b BIBHIS  |d 2019-11-18  |i 2009390  |o 759.45 PIO 1968  |p 2009390  |r 2024-01-30  |w 2019-11-18  |y BK_X  |k HIS